[Event "Challenge"]
[Site "http://www.queenalice.com/game.php?id=248490"]
[Date "2007.7.31"]
[Round "-"]
[White "jlgiffoni"]
[Black "Moondawg"]
[Result "0-1"]
[WhiteElo "1118"]
[BlackElo "1771"]

1. e4 e5 2. Bc4 Nf6 3. Nc3 Bb4 4. Nd5 Nxd5 5. exd5 Qf6 6. c3 Bc5 7. Nh3 d6 8. d3
Bxh3 9. O-O Qg6 10. Qf3 Bd7 11. b4 Bb6 12. a4 Bg4 13. Qg3 O-O 14. h3 Bf5 15. Bg5
a5 16. Rfe1 Re8 17. Bb5 c6 18. Bc4 f6 19. Bh4 axb4 20. cxb4 Bd4 21. dxc6+ Kf8
22. b5 Bxa1 23. Rxa1 bxc6 24. bxc6 Nxc6 25. Rb1 Reb8 26. Bb5 Nd4 27. f4 Ne2+ 28.
Kf2 Nxg3 29. Bxg3 Rxa4 30. Rc1 Rxb5 31. Rc8+ Bxc8 32. Kf3 Qxd3+ 33. Kf2 Rb2+ 0-1

[Event "Invitation"]
[Site "http://www.queenalice.com/game.php?id=248491"]
[Date "2007.7.31"]
[Round "-"]
[White "jlgiffoni"]
[Black "julisses"]
[Result "0-1"]
[WhiteElo "1197"]
[BlackElo "1569"]

1. e4 d5 2. Nc3 e6 3. d4 Nc6 4. Nf3 dxe4 5. Nxe4 e5 6. dxe5 Nb4 7. a3 Nd5 8. Bc4
c6 9. Bg5 Qb6 10. b4 Bg4 11. h3 Bxf3 12. Qxf3 g6 13. b5 Qd4 14. Nd2 Qxa1+ 15.
Qd1 Qxe5+ 16. Qe2 Qe6 17. Ne4 Bxa3 18. Nf6+ Kf8 19. Ne4 Re8 20. f4 f5 21. Qd3
Bb4+ 22. Kd1 Qxe4 23. Rf1 Ne3+ 24. Kc1 Nxf1 25. Qd7 Qxc4 26. Qxb7 Ne3 27. Qxc6
Qxc6 28. bxc6 Rc8 29. Kb2 Rxc6 30. Bd8 Rxc2+ 31. Kb3 Ke8 32. Bh4 Rc4 33. Bf2
Rc3+ 34. Kxb4 Nd1 35. Bd4 Rc2 36. Bxh8 Rxg2 37. Bd4 Ra2 38. Kc5 a5 39. Kd5 a4
40. Ke6 a3 41. Bc5 Ra1 42. Bxa3 Rxa3 43. h4 Rh3 44. h5 Re3+ 45. Kd6 gxh5 46. Kd5
h4 47. Kd4 h3 48. Kd5 h2 49. Kd4 h1=Q 50. Kc4 Qc6+ 51. Kd4 Qc3+ 52. Kd5 Rd3+ 53.
Ke6 Qf6# 0-1

[Event "AUTO-BEG-124"]
[Site "http://www.queenalice.com/game.php?id=248683"]
[Date "2007.7.31"]
[Round "1"]
[White "jlgiffoni"]
[Black "ZERDAX"]
[Result "0-1"]
[WhiteElo "1103"]
[BlackElo "1657"]

1. e4 e5 2. Nf3 Nc6 3. Bc4 Bc5 4. Nc3 Nf6 5. d3 O-O 6. Bg5 d6 7. Nd5 Nd4 8. b4
Nxf3+ 9. gxf3 Bd4 10. Rb1 c6 11. c3 cxd5 12. cxd4 Be6 13. exd5 Bh3 14. Rg1 h6
15. Bh4 a5 16. Rg3 Bf5 17. Qd2 Kh8 18. f4 exf4 19. Qxf4 axb4 20. Qxf5 Re8+ 21.
Kd2 Qa5 22. Bxf6 b3+ 23. Kc1 Re1+ 24. Kb2 Rxb1+ 25. Kxb1 Qxa2+ 26. Kc1 Qc2# 0-1

[Event "AUTO-BEG-124"]
[Site "http://www.queenalice.com/game.php?id=248684"]
[Date "2007.7.31"]
[Round "1"]
[White "ZERDAX"]
[Black "jlgiffoni"]
[Result "1-0"]
[WhiteElo "1753"]
[BlackElo "1118"]

1. e4 e5 2. Nf3 Nc6 3. Bc4 Bc5 4. b4 Bxb4 5. O-O Nf6 6. c3 Bc5 7. Qb3 Na5 8.
Bxf7+ Kf8 9. Qb5 b6 10. Bh5 a6 11. Qe2 Nxh5 12. d4 exd4 13. cxd4 Nb3 14. axb3
Nf4 15. Bxf4 Bb4 16. Ng5 Qf6 17. Qc4 Qxf4 18. Qxb4+ d6 19. Nf3 Qxe4 20. Nbd2 Qd3
21. d5 Qxd5 22. Qf4+ Bf5 23. Rac1 Re8 24. Rxc7 Re7 25. Rc8+ Re8 26. Rxe8+ Kxe8
27. Re1+ Be6 28. Qa4+ Qb5 29. Rxe6+ Kd7 30. Qg4 Re8 31. Re5+ Kc6 32. Rxb5 axb5
33. Nd4+ Kd5 34. h3 Re1+ 35. Kh2 h5 36. Qxh5+ Re5 37. Nf5 Re2 38. Qxe2 g6 39.
Qe4+ Kc5 40. Ne7 g5 41. b4# 1-0

[Event "AUTO-BEG-124"]
[Site "http://www.queenalice.com/game.php?id=248685"]
[Date "2007.7.31"]
[Round "1"]
[White "jlgiffoni"]
[Black "mattbel"]
[Result "0-1"]
[WhiteElo "1202"]
[BlackElo "1605"]

1. e4 e5 2. Nf3 Nc6 3. Bc4 Nf6 4. d3 Bd6 5. Nc3 Ng4 6. h3 Nf6 7. O-O O-O 8. Be3
a6 9. a4 Rb8 10. b3 Bb4 11. Qd2 b6 12. d4 b5 13. axb5 axb5 14. Bd5 Na5 15. Nxe5
Nxe4 16. Bxe4 d6 17. d5 dxe5 18. Bg5 Be7 19. h4 Qd7 20. Rxa5 b4 21. Na2 c5 22.
Bh6 gxh6 23. Qxh6 f5 24. Bf3 Bd8 25. Ra4 Rf6 26. Qg5+ Rg6 27. Qh5 e4 28. Be2 Bb7
29. c3 Qxd5 30. Bc4 e3 31. Bxd5+ Bxd5 32. Ra7 Rxg2+ 33. Kh1 Rg5+ 34. f3 Rxh5 35.
Rg1+ Kf8 36. Rgg7 Rxh4+ 37. Kg2 e2 38. c4 e1=Q 39. cxd5 Qd2+ 40. Kg1 Rh2 41.
Raf7+ Ke8 42. d6 Qf2# 0-1

[Event "AUTO-BEG-124"]
[Site "http://www.queenalice.com/game.php?id=248686"]
[Date "2007.7.31"]
[Round "1"]
[White "mattbel"]
[Black "jlgiffoni"]
[Result "1-0"]
[WhiteElo "1583"]
[BlackElo "1202"]

1. e4 e5 2. Nf3 Nc6 3. d3 Bc5 4. c3 Nf6 5. Qb3 Na5 6. Qc2 d6 7. a3 Qe7 8. b4 Nc6
9. bxc5 dxc5 10. Be2 O-O 11. O-O Be6 12. c4 Rad8 13. Nc3 Nd4 14. Qb2 Rb8 15. Bd1
Bg4 16. Nxd4 exd4 17. Nd5 Qe6 18. Nxc7 Qd6 19. Nb5 Qa6 20. Nc7 Qd6 21. Nb5 Qd7
22. f3 a6 23. e5 Bf5 24. Nd6 b5 25. Bf4 Bxd3 26. Re1 bxc4 27. Qd2 Qf5 28. Nxf5
Bxf5 29. exf6 gxf6 30. Bxb8 Rxb8 31. Ba4 c3 32. Qf4 Rb2 33. Qg3+ Bg6 34. f4 d3
35. Qh4 Kg7 36. Qg3 c2 37. h4 c4 38. h5 f5 39. hxg6 hxg6 40. Qg5 f6 41. Re7+ Kg8
42. Qxg6+ 1-0

[Event "AUTO-BEG-124"]
[Site "http://www.queenalice.com/game.php?id=248687"]
[Date "2007.7.31"]
[Round "1"]
[White "jlgiffoni"]
[Black "Uelinton"]
[Result "0-1"]
[WhiteElo "1200"]
[BlackElo "1657"]

1. e4 e5 2. Bc4 Nf6 3. Nc3 Bb4 4. Nd5 Nxd5 5. exd5 Qg5 6. Qf3 d6 7. c3 Bc5 8. d3
Qg6 9. b4 Bb6 10. Ne2 Bg4 11. Qg3 Nd7 12. h3 Bh5 13. d4 Qxg3 14. Nxg3 Bg6 15. a4
a5 16. Bb5 exd4 17. cxd4 Bxd4 18. Bg5 Bxa1 19. O-O Bf6 20. h4 axb4 21. Re1+ Kd8
22. h5 Bc2 23. Re2 Bb3 24. Nf5 Bxg5 25. Re7 Bxe7 26. Nxg7 Bf6 27. Nf5 Bxa4 28.
Bd3 Be5 29. Ng7 Bxg7 30. g4 Bd1 31. Kf1 Re8 32. Bxh7 Bc3 33. Bd3 Bf3 34. g5 Re1#
0-1

[Event "AUTO-BEG-125"]
[Site "http://www.queenalice.com/game.php?id=249434"]
[Date "2007.8.2"]
[Round "1"]
[White "dstroid"]
[Black "jlgiffoni"]
[Result "1-0"]
[WhiteElo "1119"]
[BlackElo "1198"]

1. c3 e5 2. Qc2 d5 3. Qa4+ c6 4. d4 b5 5. Qc2 e4 6. f3 Nf6 7. a4 Bf5 8. g4 Bg6
9. axb5 cxb5 10. Na3 Qa5 11. b4 Qb6 12. g5 Nh5 13. e3 Nd7 14. fxe4 dxe4 15. c4
Bxb4+ 16. Bd2 a5 17. c5 Qd8 18. Nh3 h6 19. Bxb5 f6 20. Nf4 hxg5 21. Nxg6 Rh6 22.
Ne5 fxe5 23. Qxe4 Rb8 24. Rg1 Nf6 25. Qf5 Rxh2 26. Qg6+ Kf8 27. c6 Nc5 28. Rxg5
Nfe4 29. Rg4 Bxd2+ 30. Kd1 Bxe3 31. Qxg7+ Ke8 32. c7+ Rxb5 33. cxd8=Q+ Kxd8 34.
Qf8+ Kd7 35. Rg7+ Ke6 36. Qe7+ Kf5 37. Qxe5# 1-0

[Event "AUTO-BEG-125"]
[Site "http://www.queenalice.com/game.php?id=249435"]
[Date "2007.8.2"]
[Round "1"]
[White "jlgiffoni"]
[Black "dstroid"]
[Result "1-0"]
[WhiteElo "989"]
[BlackElo "1067"]

1. e4 Nf6 2. Nc3 c5 3. Bc4 Qb6 4. Nf3 g6 5. d3 d5 6. Bb5+ Kd8 7. Ne5 a6 8. Nxf7+
Kc7 9. Bf4+ Qd6 10. Bxd6+ exd6 11. Qg4 Nxg4 12. Nxd5# 1-0

[Event "AUTO-BEG-125"]
[Site "http://www.queenalice.com/game.php?id=249446"]
[Date "2007.8.2"]
[Round "1"]
[White "jbliborio"]
[Black "jlgiffoni"]
[Result "1-0"]
[WhiteElo "1201"]
[BlackElo "1103"]

1. e4 e5 2. Nf3 Nc6 3. Bb5 Nd4 4. Nxd4 exd4 5. O-O a6 6. Ba4 b5 7. Bb3 Bc5 8. c3
Nf6 9. d3 d6 10. cxd4 Bxd4 11. Nd2 c6 12. Nf3 O-O 13. Be3 Bxb2 14. Rb1 Be5 15.
Nxe5 dxe5 16. Bc5 Re8 17. d4 Nxe4 18. Bc2 Nc3 19. Qg4 Bxg4 20. Ra1 Qh4 21. Rae1
1-0

[Event "AUTO-BEG-125"]
[Site "http://www.queenalice.com/game.php?id=249447"]
[Date "2007.8.2"]
[Round "1"]
[White "jlgiffoni"]
[Black "jbliborio"]
[Result "0-1"]
[WhiteElo "1083"]
[BlackElo "1213"]

1. e4 e5 2. Nf3 Nc6 3. Bc4 Nf6 4. Nc3 Bb4 5. Nd5 d6 6. a3 Ba5 7. b4 Bb6 8. d3
Nd4 9. c3 Nxf3+ 10. gxf3 O-O 11. Rg1 Nxd5 12. exd5 Bf5 13. Be3 Bxe3 14. fxe3 c6
15. e4 Bg6 16. Qe2 Qh4+ 17. Rg3 Rae8 18. dxc6 bxc6 19. b5 d5 20. exd5 cxd5 21.
Bxd5 Bh5 0-1

[Event "AUTO-BEG-125"]
[Site "http://www.queenalice.com/game.php?id=249452"]
[Date "2007.8.2"]
[Round "1"]
[White "welton"]
[Black "jlgiffoni"]
[Result "0-1"]
[WhiteElo "1456"]
[BlackElo "1153"]

1. d4 d5 2. e3 Bf5 3. Nc3 Nc6 4. Bb5 Nf6 5. Nf3 e6 6. Ne5 a6 7. Nxc6 bxc6 8.
Bxc6+ Nd7 9. Bxa8 Qxa8 10. O-O e5 11. Qf3 g6 12. Nxd5 Qc6 13. c3 Bd3 14. Re1 e4
15. Qf4 Qxd5 16. Qxc7 Bd6 17. Qc8+ Ke7 18. Qxh8 Qh5 19. h3 Be5 20. Qc8 Nf6 21.
dxe5 Qxe5 22. Rd1 Qh5 23. b3 Qxd1+ 0-1

[Event "AUTO-BEG-125"]
[Site "http://www.queenalice.com/game.php?id=249453"]
[Date "2007.8.2"]
[Round "1"]
[White "jlgiffoni"]
[Black "welton"]
[Result "1-0"]
[WhiteElo "1118"]
[BlackElo "1456"]

1. e4 d5 2. Nc3 Nf6 3. d4 dxe4 4. Bf4 Bg4 5. Nce2 Bxe2 6. Bxe2 a6 7. Bc4 Nc6 8.
g4 e6 9. g5 Nd5 10. Qe2 Nxf4 11. Qxe4 Qxd4 12. f3 Ng2+ 13. Kf1 Ne3+ 14. Ke2
Qxc4+ 15. Kd2 Bc5 16. Ne2 Rd8+ 17. Ke1 Nxc2+ 18. Kf1 Qxe4 19. fxe4 Nxa1 20. Kg2
Rd2 21. Re1 Nc2 22. Kf1 Ne3+ 23. Kf2 Nc2+ 24. Kf1 Nxe1 25. Kxe1 1-0

[Event "Challenge"]
[Site "http://www.queenalice.com/game.php?id=276677"]
[Date "2007.9.24"]
[Round "-"]
[White "jlgiffoni"]
[Black "Saulo12"]
[Result "1-0"]
[WhiteElo "1198"]
[BlackElo "884"]

1. e4 c5 2. c4 e5 3. Nf3 a5 4. Nc3 d6 5. d3 h5 6. Be3 Qb6 7. Na4 Qb4+ 8. Nc3
Qxb2 9. Rc1 Be7 10. Na4 Qxa2 11. Nb6 Ra6 12. Nxc8 Kd8 13. Rc2 Qa4 14. Rb2 Rc6
15. Qxa4 Rxc8 16. Rxb7 Nc6 17. g3 Nf6 18. Bh3 Ng4 19. Ng5 f6 20. Nf7+ Ke8 21.
Nxh8 Nxe3 22. Bxc8 Kd8 23. Qxc6 d5 24. Qd7# 1-0

[Event "Challenge"]
[Site "http://www.queenalice.com/game.php?id=278237"]
[Date "2007.9.28"]
[Round "-"]
[White "Saulo12"]
[Black "jlgiffoni"]
[Result "0-1"]
[WhiteElo "896"]
[BlackElo "1108"]

1. d4 d5 2. e3 Bf5 3. g4 Be6 4. Qd3 Bxg4 5. h3 Bh5 6. Nc3 Nf6 7. b4 Nc6 8. Qb5
Rb8 9. f4 a6 10. Qa4 e6 11. Nce2 Ne4 12. Bg2 Bxb4+ 13. Kf1 Qh4 14. Nf3 Bxf3 15.
Bxf3 Qf2# 0-1

[Event "Challenge"]
[Site "http://www.queenalice.com/game.php?id=287294"]
[Date "2007.10.16"]
[Round "-"]
[White "jlgiffoni"]
[Black "julisses"]
[Result "0-1"]
[WhiteElo "1195"]
[BlackElo "1571"]

1. e4 e5 2. Nf3 Bc5 3. Nxe5 Qh4 4. g3 Qxe4+ 5. Qe2 Qxh1 6. Nd3+ Be7 7. f3 b6 8.
Qf2 Bb7 9. Ke2 Bc5 10. Bg2 Qxh2 11. Nxc5 bxc5 12. d3 Nf6 13. Bf4 O-O 14. g4 Qxf4
15. Nc3 Nc6 16. Qxc5 Nd4+ 17. Kd1 Bxf3+ 18. Ke1 Nxc2+ 19. Kf1 Nxa1 20. Ne2 Qxg4
21. Qf2 Bxe2+ 22. Ke1 Rae8 23. d4 Ne4 24. Qe3 Nc2# 0-1